00653nam a22002057a 450000500170000000800410001702000240005804000190008204100120010108200210011310000200013424500950015426000320024930000190028150400530030065000340035370000280038770000220041585000100043720010101045638.0010101b xxu||||| |||| 00| 0 eng d a9788183165938c1195 aLoreto College aEnglish a371.102bMAT-SOM aSomashekar,T.V. aMethods Of Teaching MathematicscDr.T.V. Somashekar, Dr. G. Viswanathappa, Dr. Anice James aNew DelhibNeel Kamalc2015 axv,331p.b23cm aIncludes bibliographical references and indexes. aMathematicsvTeaching Methods 4AuthaVishwanathappa,G. 4AuthaJames,Anice aLCBED